| 000 | 00799nam a2200193Ii 4500 | ||
|---|---|---|---|
| 003 | JO-AjNU | ||
| 008 | 230605s9999||||xx |||||||||||||| ||und|| | ||
| 040 |
_aJO-AjNU _bara _erda _cJO-AjNU |
||
| 041 | _aara | ||
| 050 | 1 | 4 | _aKRM4052.S34.1986 |
| 100 | 3 |
_aالشواربي ، عبد الحميد , _eauthor _99838 |
|
| 245 | 0 | 0 | _aجرائم الايذاء في ضوء القضاء و الفقه : القتل العمد ، القتل الخطأ ، الضرب و الجرح |
| 264 | 3 | 1 | _aالاسكندرية : دار المطبوعات الجديدة، 1986 |
| 300 | _a349ص | ||
| 336 |
_atext _btxt _2rdacontent |
||
| 337 |
_aunmediated _bn _2rdamedia |
||
| 338 |
_avolume _bnc _2rdacarrier |
||
| 650 | 4 |
_aجرائم القتل -- مصر-- القتل الخطأ -- جرائم الضرب -- مصر _99839 |
|
| 999 |
_aA1503 _c5071 _d5071 |
||